Scheme for the reorganization of rural local government (as approved by the Councils of Ministers) (Record no. 488669)

000 -LEADER
fixed length control field 00328cam a22000977a 4500
008 - FIXED-LENGTH DATA ELEMENTS--GENERAL INFORMATION
fixed length control field 180718b1955 xxu||||| |||| 00| 0 eng d
082 ## - DEWEY DECIMAL CLASSIFICATION NUMBER
Classification number B711x5433 S
245 ## - TITLE STATEMENT
Title Scheme for the reorganization of rural local government (as approved by the Councils of Ministers)
260 ## - PUBLICATION, DISTRIBUTION, ETC.
Place of publication, distribution, etc. Chandigarh
Name of publisher, distributor, etc. Government of Punjab
Date of publication, distribution, etc. 1955
300 ## - PHYSICAL DESCRIPTION
Extent 32p.
Holdings
Withdrawn status Lost status Damaged status Not for loan Permanent Location Current Location Date acquired Full call number Barcode Date last seen Price effective from Koha item type
        Indian Institute of Public Administration Indian Institute of Public Administration 2018-08-04 B711x5433 S GG32491 2018-08-04 2018-08-04 GG

Powered by Koha